№ 11; Советская золотопромышленность

Bibliografske podrobnosti
Parent link:Советская золотопромышленность: научно-технический и производственно-экономический журнал. № 11.— , 1932-1938
Jezik:ruščina
Izdano: 1937
Format: MixedMaterials Knjiga
KOHA link:https://koha.lib.tpu.ru/cgi-bin/koha/opac-detail.pl?biblionumber=530773

MARC

LEADER 00000nam2a2200000 4500
001 530773
005 20231101112537.0
035 |a (RuTPU)RU\TPU\prd\217015 
035 |a RU\TPU\prd\217010 
090 |a 530773 
100 |a 20140410b1937 k y0rusy50 ca 
101 0 |a rus 
102 |a RU 
200 0 |a № 11 
210 |d 1937 
461 1 |0 (RuTPU)RU\TPU\prd\988  |t Советская золотопромышленность  |o научно-технический и производственно-экономический журнал  |v № 11  |d 1932-1938 
801 0 |a RU  |b 63413507  |c 20010227  |g PSBO 
801 1 |a RU  |b 63413507  |c 20140409 
801 2 |a RU  |b 63413507  |c 20140410  |g RCR 
942 |c BK 
999 |a НТБ_ТПУ  |b РФ  |e -4/20140109  |p П-1882  |u 0,00  |v 2